| 000 | 00486nam a2200169 a 4500 | ||
|---|---|---|---|
| 005 | 20140412111321.0 | ||
| 008 | 010323s19uu xx 00 eng d | ||
| 020 | _a0-307-00300-0 | ||
| 050 |
_aER _bPi57 1993 |
||
| 100 | _aBenjamin, Alan | ||
| 245 |
_aThe Pied Piper / _cretold by Alan Benjamin ; illustrated by Richard Walz. |
||
| 260 |
_aNew York : _bA Golden Book, _c1991. |
||
| 300 | _a1 v. (unp.) ; ill. | ||
| 650 | _aFolk Tales | ||
| 650 | _aChildren stories | ||
| 999 |
_c104390 _d104390 |
||